| 000 | 00859cam a22002772 4500 | ||
|---|---|---|---|
| 999 |
_c17323 _d17323 |
||
| 001 | 0000020839 | ||
| 003 | OSt | ||
| 005 | 20181022150125.0 | ||
| 008 | 111021s xx 000 0 eng d | ||
| 020 | _a0078024290 | ||
| 040 |
_aKABU _cKABU |
||
| 050 |
_aQP34.5 _b.S55 2016 c. 1 |
||
| 100 | 1 | _aShier, David. | |
| 245 | 1 | 0 |
_aHole's human anatomy and physiology / _cDavid Shier, Jackie Butler, Ricki Lewis. |
| 250 | _a14th ed. | ||
| 260 |
_aNew Yorkn : _bMcGraw-Hill Education, _c2016. |
||
| 300 | _axxiv, 997 p. | ||
| 650 | 0 | _aHuman physiology. | |
| 650 | 0 | _aHuman anatomy. | |
| 700 | 1 | _aButler, Jackie. | |
| 700 | 1 | _aLewis, Ricki. | |
| 908 | _a111021 | ||
| 942 |
_2lcc _cBK _e14th _hQP34.5 _i.S55 2016 c. 1 |
||